000 00558nam a2200229Ia 4500
003 OSt
005 20220924153750.0
006 a|||||r|||| 00| 0
007 ta
008 220923b |||||||| |||| 00| 0 tam d
024 _a351542
037 _cTextual
040 _aARTS
_cARTS
_btam
041 _2tam
_atam
082 _aU8.2.N2, 31L2
100 _aSundaran Soma Au.
_9229699
245 0 _aIndia
260 _c1972
650 _aGEOGRAPHY
942 _hU8.2.N2, 31L2
_cTEXL
_2CC
999 _c474709
_d474709